000 00473 a2200169 4500
001 189434
020 _a978-85-7631-136-2
040 _cMagnum
100 _aCastro, Flávio Mendes de Oliveira
240 1 0 _aItamaraty volume i
_lpor
245 1 0 _aItamaraty volume i
300 _a644
362 0 _a2009
440 1 _aFundação Alexandre de Gusmão
697 _aRELALÇÕES INTERNACIONAIS, POLÍTICA MUNDIAL. POLÍTICA INTERNACIONAL. POLÍTICA EXTERNA
942 _cBK
999 _c189434
_d189434